| 000 | 00579nam a2200157 a 4500 | ||
|---|---|---|---|
| 001 | 000028405 | ||
| 005 | 20200930054928.0 | ||
| 008 | 110408s1971 dr a 000 0 spa d | ||
| 040 |
_aDO-SdBNP _bspa _cBNPHU |
||
| 100 | 1 |
_aWinter, Lloyd C. _955360 |
|
| 245 | 1 | 0 |
_aCarreras de velocidad. / _cLloyd C. Winter; adaptación Rafael Berenguer. |
| 260 |
_a[Santo Domingo], : _bSecretaría de Estado de Educación, Bellas Artes y Cultos, _bDirección General de Educación Físca Escolar, _c1971. |
||
| 300 |
_a58 p. : _bil. ; _c19 cm. |
||
| 700 | 1 |
_aBerenguer, Rafael _955361 |
|
| 049 | _aBNPD | ||
| 999 |
_c27897 _d27897 |
||